00369nam a2200133Ia 4500008004100000020001800041100001700059245006100076250001200137260003500149300002200184650001300206650001600219191023s9999 xx 000 0 und d a9781337616195 aLarson, Ron. cRon Larson, Bruce Edwards.--aCalculus :bmetric version a11th ed aAsia :bCengage Learningc2018 axiii, 1128 pages. aCalculus aMathematics